| 000 | 01029nam a22002657a 4500 | ||
|---|---|---|---|
| 001 | BD-DhSAU 9285 | ||
| 003 | BD-DhSAU | ||
| 005 | 20190110111951.0 | ||
| 008 | 150613b2011 bg a|||| m||| 00| 0 eng d | ||
| 040 | _aBD-DhSAU | ||
| 082 |
_222 _a631.4 _bH211 |
||
| 100 |
_aHaque, Md. Razibul _eRegistration # 04-1453 |
||
| 245 |
_aIntegrated nutrient management for hybrid boro rice / _bMS thesis _c Md. Razibul Haque |
||
| 260 |
_aSher-e-Bangla Agricultural University : _bDepartment of Soil Science, _c2011. |
||
| 300 |
_avii, 73 p. : _bill. ; _c30 cm. |
||
| 500 | _aMS thesis of Department of Soil Science, Faculty of Agriculture, Sher-e-Bangla Agricultural University, Dhaka, Bangladesh | ||
| 504 | _aIncludes bibliographical reference. | ||
| 590 | _aJerin | ||
| 650 | _aSoil Science | ||
| 650 | _aBoro rice | ||
| 700 |
_aPaul, Alok Kumar _eSuperviser |
||
| 700 |
_aSarker, Jharna Rani _eCo-superviser |
||
| 856 | _uhttp://archive.saulibrary.edu.bd:8080/xmlui/handle/123456789/1849 | ||
| 942 |
_2ddc _cTHESIS |
||
| 999 |
_c9285 _d9285 |
||